[Event "NOR-ch Class3"]
[Site "Lillehammer"]
[Date "2013.06.29"]
[Round "4"]
[White "Fadnes, Bard"]
[Black "Kveli, Lars"]
[Result "1-0"]
[WhiteElo "1396"]
[BlackElo "1449"]
[PlyCount "75"]
[EventDate "2013.06.29"]
[EventType "swiss"]
[EventRounds "9"]
[EventCountry "NOR"]
[SourceTitle "EXT 2017"]
[Source "ChessBase"]
[SourceDate "2016.10.25"]
[SourceVersion "1"]
[SourceVersionDate "2016.10.25"]
[SourceQuality "1"]

1. e4 d6 2. d4 Nf6 3. Bd3 g6 4. Ne2 Bg7 5. 0-0 c6 6. c3 b6 7. Bf4 Bb7 8. Qc2 Nh5 9. Be3 e5 10. f4 Nd7 11. Nd2 Qe7 12. fxe5 dxe5 13. Rf2 Rd8 14. Raf1 0-0 15. Qb3 Nhf6 16. Bb1 Ng4 17. Rf3 Nxe3 18. Rxe3 Bh6 19. Rd3 exd4 20. cxd4 Nf6 21. e5 Nd5 22. Ne4 Kh8 23. Rh3 Bg7 24. N2c3 c5 25. Nd6 Rxd6 26. exd6 Bxd4+ 27. Kh1 Qxd6 28. Nb5 Qe6 29. Nxd4 cxd4 30. Qd3 Ne3 31. Qxd4+ Kg8 32. Qxe3 Qd6 33. Be4 Re8 34. Qh6 f5 35. Qxh7+ Kf8 36. Bxb7 Re7 37. Qh8+ Kf7 38. Rh7+ 1-0

[Event "NOR-ch Class3"]
[Site "Lillehammer"]
[Date "2013.06.29"]
[Round "9"]
[White "Kjernlie, Ole Ivar"]
[Black "Kveli, Lars"]
[Result "1/2-1/2"]
[WhiteElo "1227"]
[BlackElo "1449"]
[PlyCount "101"]
[EventDate "2013.06.29"]
[EventType "swiss"]
[EventRounds "9"]
[EventCountry "NOR"]
[SourceTitle "EXT 2017"]
[Source "ChessBase"]
[SourceDate "2016.10.25"]
[SourceVersion "1"]
[SourceVersionDate "2016.10.25"]
[SourceQuality "1"]

1. e4 d6 2. d4 Nf6 3. Nc3 g6 4. Be3 Bg7 5. Qd2 c6 6. Bh6 Bxh6 7. Qxh6 Qb6 8. Qc1 Qxd4 9. Nf3 Qc5 10. h3 b5 11. a3 Bb7 12. Bd3 Nbd7 13. 0-0 Ne5 14. Nxe5 Qxe5 15. f4 Qc5+ 16. Kh1 Qh5 17. Be2 Qh4 18. e5 dxe5 19. fxe5 Ne4 20. Nxe4 Qxe4 21. Bf3 Qxe5 22. Re1 Qf6 23. Qh6 0-0-0 24. Qc1 h5 25. c4 a6 26. cxb5 axb5 27. a4 bxa4 28. Rxa4 Rd6 29. Rf4 Qg5 30. Qc4 f5 31. Re6 Qxf4 32. Qxf4 Rxe6 33. Kh2 Re8 34. Qc4 Rd6 35. Qf7 Kd7 36. Kg3 Rf6 37. Qb3 Kc7 38. Kf4 e5+ 39. Kg5 Rfe6 40. g3 e4 41. Be2 Bc8 42. Qe3 R8e7 43. h4 Kd8 44. Bc4 Rd6 45. Qb6+ Rc7 46. Qc5 Rcd7 47. Qe5 Kc7 48. Be6 Re7 49. Qa5+ Kb7 50. Qb4+ Kc7 51. Qa5+ 1/2-1/2

[Event "NOR-ch Class3"]
[Site "Lillehammer"]
[Date "2013.06.29"]
[Round "1"]
[White "Kveli, Lars"]
[Black "Berezkin, Alexander"]
[Result "0-1"]
[WhiteElo "1449"]
[BlackElo "1345"]
[PlyCount "98"]
[EventDate "2013.06.29"]
[EventType "swiss"]
[EventRounds "9"]
[EventCountry "NOR"]
[SourceTitle "EXT 2017"]
[Source "ChessBase"]
[SourceDate "2016.10.25"]
[SourceVersion "1"]
[SourceVersionDate "2016.10.25"]
[SourceQuality "1"]

1. d4 d5 2. Nf3 Nf6 3. e3 c5 4. b3 Nc6 5. a3 cxd4 6. exd4 Bg4 7. Bb2 g6 8. Bd3 Bg7 9. Nbd2 0-0 10. 0-0 Re8 11. h3 Bd7 12. c4 e6 13. Rc1 Nh5 14. Ne5 Nf4 15. Ndf3 Nxe5 16. dxe5 Nxd3 17. Qxd3 dxc4 18. Qxc4 Rc8 19. Qd4 Bc6 20. Qe3 Bxf3 21. Qxf3 Rxc1 22. Rxc1 Qd2 23. Qc3 Qxc3 24. Rxc3 Bxe5 25. Rc2 Bxb2 26. Rxb2 Rd8 27. g4 g5 28. Kg2 Kg7 29. a4 f5 30. Rc2 Rd7 31. b4 Kf6 32. b5 b6 33. gxf5 Kxf5 34. a5 bxa5 35. Ra2 e5 36. Rxa5 h5 37. h4 gxh4 38. Kh3 Rh7 39. Kxh4 Kf4 40. Ra3 e4 41. Kh3 Rd7 42. Kh4 Rd5 43. Rxa7 Rxb5 44. Rf7+ Rf5 45. Re7 Kf3 46. Kh3 Rf4 47. Rb7 Kxf2 48. Rb2+ Kf3 49. Rg2 Rh4+ 0-1